Top 20 najczęściej wyszukiwanych zwierząt w Google - Statystyki

Ogólne statystyki
  • Ten quiz został rozwiązany 154 razy
  • Średni wynik to 10 z 20
Statystyki odpowiedzi
Miejsce Zwierzę % Poprawnych
2 Kot
96%
1 Pies
95%
11 Lew
79%
3 Koń
70%
18 Krowa
69%
10 Świnia
60%
5 Ryba
59%
15 Królik
55%
4 Kurczak
54%
9 Wąż
52%
7 Ptak
49%
19 Małpa
45%
13 Wilk
43%
6 Niedźwiedź
40%
14 Pająk
40%
8 Rekin
39%
16 Kaczka
32%
17 Jeleń
29%
12 Indyk
23%
20 Homar
1%
Nie znaleziono quizów pasujących do podanych kryteriów
Rozkład punktacji
Procent ludzi z każdym wynikiem
Percentyl według liczby udzielonych odpowiedzi
Twoja historia wyników
Nie rozwiązałeś tego quizu